000 01275naa a22003017a 4500
001 BR8101174
003 BR-BrBNA
005 20250716170959.0
007 ta
008 250630b bl.|||m| |||| 00| 0 por d
040 _aBR-BrBNA
_bpor
_cBiblioteca Nacional de Agricultura
041 _a(Pt)
072 _aF30
_b1160
_b3540
090 _aF30 BR8101174
100 1 _aBarros, L. de M.
100 1 _aAlmeida, J.I.L. de
245 1 _aEmprego do Anacardium microcarpum Ducke como porta enxerto para o cajueiro (Anacardium occidentale L.). Resultados parciais
246 1 _a[The use of Anacardium microcarpum ducke as a rootstock por cashew tree (Anacardium occidentale L.)Partial results]
246 1 _a[Yearly research report - 1979. Horticulture]
500 _aRelatorio anual de pesquisa - 1979. Horticultura Fortaleza, CE (Brasil): 1980. p. 7-13 [10 ref.; Summary (Pt)] (BR8101174-AMS)
773 0 _tRelatorio anual de pesquisa - 1979. Horticultura
_wF30 BR8101174
_gFortaleza, CE (Brasil), 1980. p. 7-13
650 _aMelhoramento genetico vegetal
650 _aCaju
650 _aPorta enxerto
490 _aRelatorio Anual de Pesquisa - Empresa de Pesquisa Agropecuaria do Ceara (Brazil)
942 _cAMS
_2AGRIS
909 _a202506
_bLúcia
_c55
_dLúcia Elande
999 _c333670
_d333670